Senzorické hodnotenie kozmetických surovín a výrobkov : učebné texty pre účastníkov kurzu Senzorické hondotenie kozmetických výrobkov konaný 1.-3.6.2011 na FCHPT v Bratislave

Saved in:
Bibliographic Details
Main Author Príbela, Alexander, 1928- (Author)
Corporate Author Slovenská technická univerzita (Bratislava, Slovensko). Fakulta chemickej a potravinárskej technológie
Format Book
LanguageSlovak
Czech
Published Bratislava : Senzorické centrum, Ústav biochémie, výživy a ochrany zdravia, Fakulta chemickej a potravinárskej technológie STU, 2011
Subjects
Physical Description63 s. : il. ; 30 cm

Cover

LEADER 00000nam a22000007a 4500
001 65058
003 CZ-ZlUTB
005 20240829150755.0
007 ta
008 120627s2011 xo a p 000 0 slo
020 |q (kroužková vazba) 
040 |a ZLD002  |b cze 
041 0 |a slo  |a cze 
072 7 |a 543  |x Analytická chemie  |2 Konspekt  |9 10 
080 |a 543.92  |2 MRF 
080 |a 665.5  |2 MRF 
080 |a (075.8)  |2 MRF 
100 1 |a Príbela, Alexander,  |d 1928-  |7 jx20040219006  |4 aut 
245 1 0 |a Senzorické hodnotenie kozmetických surovín a výrobkov :  |b učebné texty pre účastníkov kurzu Senzorické hondotenie kozmetických výrobkov konaný 1.-3.6.2011 na FCHPT v Bratislave /  |c Alexander Príbela 
260 |a Bratislava :  |b Senzorické centrum, Ústav biochémie, výživy a ochrany zdravia, Fakulta chemickej a potravinárskej technológie STU,  |c 2011 
300 |a 63 s. :  |b il. ;  |c 30 cm 
500 |a Interní publikace 
546 |a Slovenský a český text 
504 |a Obsahuje bibliografii 
650 0 7 |a senzorická analýza  |7 ph137714  |2 czenas 
650 0 7 |a kosmetické přípravky  |7 ph114982  |2 czenas 
650 0 9 |a sensoric analysis  |2 eczenas 
650 0 9 |a cosmetics  |2 eczenas 
655 7 |a učebnice vysokých škol  |7 fd133772  |2 czenas 
655 9 |a textbooks  |2 eczenas 
710 2 |a Slovenská technická univerzita (Bratislava, Slovensko).  |b Fakulta chemickej a potravinárskej technológie  |7 mzk2002157178 
910 |a ZLD002 
952 |0 0  |1 0  |4 0  |6 543PRÍBELAA  |7 0  |8 BOOK  |9 117930  |a UTBZL  |b UTBZL  |c 015  |d 2012-06-27  |l 2  |m 3  |o 543/PRÍBELA,A.  |p 420010145551  |q 2028-12-31  |r 2025-11-24 13:29:11  |s 2025-11-24  |v 642.00  |w 2019-08-26  |x N:nákup | 20100831  |y 08 
992 |a BK  |d 1 
999 |c 65058  |d 65058